000 00881nam a2200289Ia 4500
001 Para_6650
003 CHAP
008 220125s1975 xx 000 0 und d
010 _a204210
040 _cCHAP
082 _aPA 632.951 E5
110 _aENA. Departamento de Parasitología
_9170177
245 _aReporte de actividades del proyecto cooperativo en toxícología /
_c por ENA. Departamento de Parasitología
260 _aChapingo, Méx. :
_b C. P. Rama de entomología
300 _a56 h.
650 _aHeliothis subflexa
_953439
650 _aInsecticidas
_x toxicidad
_958882
650 _aPseudaletia unipuncta
_992556
650 _aTomate
_x plagas
_9113748
901 _aPA 632.951 E5
902 _aA
905 _a0000001975 i 0000000000 00
910 _a1975
942 _cPARA
942 _cPARA
_d1
999 _c204210
_d204210